Canadian Geography A-Z - Statistics

General Stats
  • This quiz has been taken 50 times
    23 since last reset
  • The average score is 20 of 29
Answer Stats
Questions Answer % Correct
A) Its cities include Red Deer and Medicine Hat Alberta
100%
B) First national park of Canada Banff
91%
C) This city is home to the Flames of the NHLand hosted the 1988 winter olympics Calgary
91%
B3) One of the official sports of Canada, played on ice Ice hockey
91%
M) Biggest city in Quebec, a French Canadian hub onthe St Lawrence River Montreal
91%
Q) French capital of the eastern province with the samename. Known for its old town and chateaus Quebec City
91%
T) Most populous city in Canada, home to the Raptors, Blue Jays and Maple Leafs Toronto
91%
V) This major city in British Columbia is home to the Canucksand a thriving art scene Vancouver
91%
O) Capital of Canada Ottawa
86%
P) Small island province in eastern Canada, its capitalis Charlottetown Prince Edward Island
86%
U) Remote town in northern Saskatchewan, shares namewith a radioactive element Uranium
86%
H) Capital of Nova Scotia Halifax
77%
N) Canadas largest and most remote subdivision Nunavut
77%
R) Capital of Saskatchewan, the commercial centre ofthe province known for its art museums Regina
77%
W) Capital of Manitoba, home to the Jets Winnipeg
77%
F) Capital of New Brunswick Fredericton
68%
S) Capital of Newfoundland and Labrador St Johns
68%
Y) Capital of the remote Northwest Territories Yellowknife
68%
Z) Small town on lake Huron in southern Ontario, shares a name with the biggest city in Switzerland Zurich
68%
E) Northernmost island in Canada and 3rd largest Ellesmere
59%
Bonus 1) This bay in eastern Canada records the worldshighest tides Fundy
59%
I) This remote capital is the northernmost in Canada Iqaluit
55%
K) Large city on lake Ontario north of Toronto, called the "limestone city" Kingston
55%
J) This large body of water makes up the southern endof Hudson Bay James Bay
50%
B2) This highway connects the entirety of Canada from eastto west over 4800 miles Trans Canada
41%
G) Town in Newfoundland famous for its aviation history,its airport code is YQX Gander
36%
L) Large city in the Canadian Rockies, known as thefinancial and economic hub of southern Alberta Lethbridge
36%
X) Remote village in Saskatchewan, once part of the GrandTrunk Railway Xena
5%
D) Small city in northeastern British Columbia on thePeace River Dawson Creek
0%
No matching quizzes found
Score Distribution
Percent of People with Each Score
Percentile by Number Answered
Your Score History
You have not taken this quiz since the last reset